Química orgánica superior / (Record no. 63731)

MARC details
000 -LEADER
campo de control de longitud fija 00716nam a2200229 i 4500
001 - NÚMERO DE CONTROL
campo de control 63731
003 - IDENTIFICADOR DE NÚMERO DE CONTROL
campo de control ES-MaACL
005 - FECHA Y HORA DE LA ÚLTIMA TRANSACCIÓN
campo de control 20230906164944.0
007 - CAMPO FIJO DE DESCRIPCIÓN FÍSICA--INFORMACIÓN GENERAL
campo de control de longitud fija t|
008 - DATOS DE LONGITUD FIJA--INFORMACIÓN GENERAL
campo de control de longitud fija 031216s1966 sp ||||1| spa d
100 1# - ENTRADA PRINCIPAL--NOMBRE DE PERSONA
Nombre de persona Fieser, Louis F.
9 (RLIN) 50724
245 10 - MENCIÓN DEL TÍTULO
Título Química orgánica superior /
Mención de responsabilidad, etc. Louis F. Fieser & Mary Fieser ; traducción y prólogo Francisco Giral.
250 ## - MENCION DE EDICION
Mención de edición [1ª ed.].
260 ## - PUBLICACIÓN, DISTRIBUCIÓN, ETC.
Lugar de publicación, distribución, etc. Barcelona :
Nombre del editor, distribuidor, etc. Grijalbo,
Fecha de publicación, distribución, etc. 1966.
300 ## - DESCRIPCIÓN FÍSICA
Extensión 2 v. :
Otras características físicas il. ;
Dimensiones 24 cm.
490 1# - MENCIÓN DE SERIE
Mención de serie Tratados y manuales grijalbo
700 1# - ENTRADA AGREGADA--NOMBRE PERSONAL
Nombre de persona Fieser, Mary.
9 (RLIN) 50725
700 1# - ENTRADA AGREGADA--NOMBRE PERSONAL
Nombre de persona Giral, Francisco.
9 (RLIN) 57180
830 0# - PUNTO DE ACCESO ADICIONAL DE SERIE-TÍTULO UNIFORME
Título uniforme Tratados y manuales grijalbo
9 (RLIN) 184019
852 ## - LOCALIZACIÓN
Ubicación ES-MaACL
Número de control de estantería A-6065-6
Sublocalización o colección R.95015
Holdings
Estatus retirado Estado de pérdida Estado de daño No para préstamo Biblioteca de origen Biblioteca actual Ubicación en estantería Fecha de adquisición Fuente de adquisición Total de préstamos Signatura topográfica completa Código de barras Visto por última vez Precio de reemplazo Tipo de ítem Koha
        Biblioteca del Ateneo de Madrid Biblioteca del Ateneo de Madrid Sala Pecera Planta 1 17/01/2008     A-6065-6 1066792 23/02/2023 23/02/2023 Libro impreso